Statystyki dla Skąd pochodzi firma...

Kliknij tutaj aby rozwiązać quiz!

Ogólne statystyki

  • Ten quiz został rozwiązany 54 razy
  • Średni wynik to 10 z 20

Statystyki odpowiedzi

Firma:Miasto:% Poprawnych
Hortex Sp. z o.o.Warszawa
100%
Grupa Lotos S.A.Gdańsk
88%
W.Kruk S.A.Kraków
88%
H. Cegielski – *** (HCP)Poznań
88%
Fabryka Cukiernicza "Kopernik"Toruń
80%
Tauron Polska Energia SAKatowice
74%
Vectra S.A.Gdynia
72%
Atlas Sp. z o.o.Łódź
66%
Pol-Skone Sp. z o.o.Lublin
62%
KGHM Polska MiedźLubin
54%
Indykpol S.A.Olsztyn
54%
Zakłady Metalowe "Łucznik"Radom
50%
Zakłady Mechaniczne „Bumar-Łabędy” SAGliwice
26%
Alstom KonstalChorzów
24%
Grupa Azoty S.A.Tarnów
20%
Autosan Sp. z o.o.Sanok
18%
Hellena S.A.Kalisz
16%
Olza S.A.Cieszyn
12%
Spółdzielnia Mleczarska "Mlekovita"Wysokie Mazowieckie
4%
Diora S.A.Dzierżoniów
0%

Rozkład punktacji

Percentyl według liczby udzielonych odpowiedzi

Procent ludzi z każdym wynikiem

Twoja historia wyników

Nie rozwiązałeś tego quizu